skbl

Dr Suryya Kumar Bhuyan Library Web-OPAC
ডঃ সূৰ্য্য
কুমাৰ ভূঞা পুথিভঁৰাল ৱেব-অ'পেক

All Research Scholars are advised to clear the annual library fees to continue using Library Resources, Remote Access, Plagiarism Test and Library Clearance.

Cotton University Book Fair 2026

Concepts of Modern Physics / (Record no. 3035)

MARC details
000 -LEADER
fixed length control field 00720nam a2200277Ia 4500
001 - CONTROL NUMBER
control field 3047
005 - DATE AND TIME OF LATEST TRANSACTION
control field 20240113233608.0
007 - PHYSICAL DESCRIPTION FIXED FIELD--GENERAL INFORMATION
fixed length control field ta
008 - FIXED-LENGTH DATA ELEMENTS--GENERAL INFORMATION
fixed length control field 080101s1995 ii a g b000 u 465 u
020 ## - INTERNATIONAL STANDARD BOOK NUMBER
International Standard Book Number 0-07-113849-8
040 ## - CATALOGING SOURCE
Original cataloging agency SKBL, Cotton College
041 ## - LANGUAGE CODE
Language code of text/sound track or separate title eng
082 ## - DEWEY DECIMAL CLASSIFICATION NUMBER
Classification number 530
Item number Be 397 Co
100 ## - MAIN ENTRY--PERSONAL NAME
Personal name Beiser, Arthur .
245 #0 - TITLE STATEMENT
Title Concepts of Modern Physics /
Statement of responsibility, etc. Arthur Beiser.
Medium Textual Documents
250 ## - EDITION STATEMENT
Edition statement 5th ed. /
260 ## - PUBLICATION, DISTRIBUTION, ETC.
Place of publication, distribution, etc. New York :
Name of publisher, distributor, etc. McGraw -Hill Inc ,
Date of publication, distribution, etc. 1995.
300 ## - PHYSICAL DESCRIPTION
Extent 506p. :
Other physical details ill ;
Dimensions 25 cm. .
500 ## - GENERAL NOTE
General note International edition.
504 ## - BIBLIOGRAPHY, ETC. NOTE
Bibliography, etc. note Appendix Index
653 ## - INDEX TERM--UNCONTROLLED
Uncontrolled term Physics
942 ## - ADDED ENTRY ELEMENTS (KOHA)
Source of classification or shelving scheme Dewey Decimal Classification
Koha item type Books
Holdings
Withdrawn status Lost status Damaged status Not for loan Home library Current library Date acquired Coded location qualifier Total checkouts Full call number Barcode Date last seen Copy number Price effective from Koha item type
        Dr. Suryya Kumar Bhuyan Library Dr. Suryya Kumar Bhuyan Library 01/02/2012 00000   530 Be 397 Co 91956 13/01/2024 2 01/02/2012 Books
        Dr. Suryya Kumar Bhuyan Library Dr. Suryya Kumar Bhuyan Library 01/02/2012 00000   530 Be 397 Co 297/Phy 13/01/2024 1 01/02/2012 Books

Designed and Maintained by Team SKBL
©1901-2026

Powered by Koha